| 000 | 00606nam a22001937a 4500 | ||
|---|---|---|---|
| 003 | OSt | ||
| 005 | 20250620031209.0 | ||
| 008 | 250619b |||||||| |||| 00| 0 eng d | ||
| 020 | _a978-621-478-081-5 | ||
| 040 |
_aDWCL-Main Lib _cOC |
||
| 082 | _aFil. 613.7 E74p 2024 | ||
| 100 | _aEscueta, Margaret M. | ||
| 245 |
_aPath fit 1: _bmovement enhancement/ _cMargaret M. Escueta |
||
| 260 |
_aManila, Philippines: _bEDRIC Publishing House, _cc2024. |
||
| 300 |
_a101 pages: _billustrations; _c22 cm. |
||
| 504 | _aIncludes bibliography. | ||
| 650 | _a1. Physical fitness. | ||
| 942 |
_2ddc _cBK - FIL _kFil. _n0 |
||
| 999 |
_c3163 _d3163 |
||